LEADER 00807nam0-22002891i-450- 001 990006480570403321 005 20050914104750.0 035 $a000648057 035 $aFED01000648057 035 $a(Aleph)000648057FED01 035 $a000648057 100 $a20010426d1960----km-y0itay50------ba 101 0 $aita 105 $ay-------001yy 200 1 $aDynamik und Dogma im Islam$eZeitgemasse Randglossen zur Rechts-, Staats-und Sozialordnung$fJosef Hans 205 $a2. Aufl. 210 $aLeiden$cBrill$d1960 215 $a127 p.$d22 cm 676 $a297 700 1$aHans,$bJosef$0408516 801 0$aIT$bUNINA$gRICA$2UNIMARC 901 $aBK 912 $a990006480570403321 952 $aXIV E 1440$b14725$fFSPBC 959 $aFSPBC 996 $aDynamik und Dogma im Islam$9653044 997 $aUNINA LEADER 01156cam--2200337---450 001 990000462710203316 005 20200908083314.0 035 $a0046271 035 $aUSA010046271 035 $a(ALEPH)000046271USA01 035 $a0046271 100 $a20010522e19951875km-y0itay50------ba 101 0 $aita 102 $aIT 105 $ay|||||||001yy 200 1 $aMemorie delle famiglie nobili delle province meridionali d'Italia$fraccolte dal conte Berardo Candida Gonzaga 205 $aRistampa anastatica dell'edizione di Napoli, 1875 210 $aBologna$cForni$d1995 215 $a6 volumi in 3$d24 cm 676 $a929.757 700 1$aCANDIDA-GONZAGA,$bBerardo$039855 801 0$aIT$bsalbc$gISBD 912 $a990000462710203316 951 $aX.1.A. 85 1-2(III D 568 I-II)$b125331 L.M.$cX.1.$d390501 951 $aX.1.A. 85 3-4(III D 568 III-IV)$b125332 L.M.$cX.1.$d390502 951 $aX.1.A. 85 5-6(III D 568 V-VI)$b125333 L.M.$cX.1.$d00015467 959 $aBK 969 $aUMA 979 $aANNAMARIA$b90$c20160802$lUSA01$h1143 996 $aMemorie delle famiglie nobili delle province meridionali d'Italia$9150648 997 $aUNISA